1176 1968 1208 1680 1082 1247 1468 1049 1107 1612 1503 1657 1858 1432 1264 1241 1192 1475 1390 1814 1596 1327 1034 1985 1284 1688 1473 1794 1205 1080 1140 1912 1531 1734 1540 1393 1608 1200 1097 1783 1781 1168 1816 1583 1187 1492 1986 1660 1790 1437 1942 1466 1551 1190 1852 1030 1445 1886 1159 1282 1132 1673 1178 1634 1726 1297 1902 1216 1430 1101 1380 1914 1329 1085 1268 1836 1142 1518 1841 1288 1223 1234 1349 1578 1857 1059 1812 1061 1772 1630 1515 1440 1974 1979 1111 1381 1852 1460 1066 BCNSPRNW ULIB Ver.6.0+V

เปลี่ยนเป็นภาษาไทย

Change to English
 แสดงรายละเอียดบรรณานุกรม
  กลับหน้าหลัก

Brief Record : Get Marc (ISO 2709) : E-mail record : QR code < ปิดหน้าต่าง
LEADER : 00000nam 2200000uu 4500
001    13399113424
003     ULIB
008    110627s2550||||th 000 0 tha d
020    9789749753323
090    นว.^bณ369ป 2550
100 0  ณัฐสิรี
245 00 ปาฏิหาริย์พรหมลิขิตรัก/^cณัฐสิรี
250    พิมพ์ครั้งที่ 1
260    กรุงเทพฯ :^bSugar rian,^c2550
300    237 หน้า
710 1  Sugar rian
945    ^p159^l0^i021021
995    ทศพร
999 ^a ใช้งานได้ทุกระบบ
รายการนี้ยังไม่มีแท็ก
คุณยังไม่ได้ล็อกอิน คุณสามารถมีกิจกรรมร่วมกับเว็บไซต์ได้ แต่ต้องล็อกอินก่อน ::
  ล็อกอิน

รายการสื่อสารสนเทศ

ลำดับที่ ประเภท เลขเรียก/บาร์โค้ด สถานที่ สถานะ
1. นวนิยาย
นวนิยาย
นว. ณ369ป 2550 ฉ.1 
  Barcode: 021021
ห้องสมุดวิทยาเขตสวรรค์ประชารักษ์
►นวนิยาย
บนชั้น
  ขอยืม

BibComment


ยังไม่เคยถูกคอมเมนท์

คอมเมนท์ทรัพยากรรายการนี้
  คอมเมนท์: ปาฏิหาริย์พรหมลิข..


 Copyright 2026. Bcnsprnw @Library